| 000 | 01305cam a22003617a 4500 | ||
|---|---|---|---|
| 003 | CHAP | ||
| 005 | 20220329140239.0 | ||
| 008 | 971013s1974 r 00010 d | ||
| 010 | _a49179 | ||
| 011 | _a50151 | ||
| 035 | _a54301 | ||
| 040 | _cCHAP | ||
| 090 | _aFolleto 3622 | ||
| 100 | 0 | 0 |
_aVerkroost, M. _9118909 |
| 245 | 1 | 4 | _aThe effecto of ozone on photosynthesis and respiration of Scenedesmus obtusiusculus chod., with a general discussion of effects of air pollution in plants |
| 260 |
_aWageningen : _bVeenmen & Zonen, _c1974 |
||
| 300 |
_a78 p. _b; gráfs. : ilus. |
||
| 490 | 0 |
_aMededelingen Landbouwhogeschool _v; 74-19 |
|
| 590 |
_aBATCH-UPD _b10 _c20130110 _lUCH01 _h0347 |
||
| 590 |
_aBATCH-UPD _b10 _c20130110 _lUCH01 _h1822 |
||
| 590 |
_aBATCH-UPD _b10 _c20130410 _lUCH01 _h0020 |
||
| 590 |
_aBATCH-UPD _b10 _c20130410 _lUCH01 _h1518 |
||
| 590 |
_aBATCH-UPD _b10 _c20130914 _lUCH01 _h1434 |
||
| 590 |
_aCONVERSION _b10 _c20130109 _lUCH01 _h1327 |
||
| 650 | 1 | 4 |
_aAire _xContaminacion _xEfecto en plantas. _93144 |
| 650 | 1 | 4 |
_aFotosíntesis. _942737 |
| 650 | 1 | 4 |
_aOzono _xEfecto en plantas. _984493 |
| 650 | 1 | 4 |
_aScenedesmus. _9102875 |
| 830 | 0 |
_aMededelingen Landbouwhogeschool _v; 74-19 _973858 |
|
| 901 | _aBK | ||
| 942 | _cFOLL | ||
| 949 |
_aFolleto 3622 _bBC _cFOLL _d-119883 _eTS1 _i54301 _mD _si |
||
| 999 |
_c49179 _d49179 |
||